LEADER 01262nam 2200373 450 001 9910715119303321 005 20201230085719.0 035 $a(CKB)5470000002508824 035 $a(OCoLC)1228346912 035 $a(EXLCZ)995470000002508824 100 $a20201230d1987 ua 0 101 0 $aeng 135 $aur||||||||||| 181 $ctxt$2rdacontent 182 $cc$2rdamedia 183 $acr$2rdacarrier 200 00$aFailure of low pressure safety injection pump due to seal problems 210 1$aWashington, D.C. :$cUnited States Nuclear Regulatory Commission, Office of Nuclear Reactor Regulation,$d1987. 215 $a1 online resource 225 1 $aInformation notice ;$vno. 87-51 300 $a"October 13, 1987." 606 $aNuclear power plants$xEquipment and supplies 606 $aPumping machinery 606 $aInjectors 615 0$aNuclear power plants$xEquipment and supplies. 615 0$aPumping machinery. 615 0$aInjectors. 712 02$aU.S. Nuclear Regulatory Commission.$bOffice of Nuclear Reactor Regulation, 801 0$bGPO 801 1$bGPO 906 $aBOOK 912 $a9910715119303321 996 $aFailure of low pressure safety injection pump due to seal problems$93350870 997 $aUNINA